000 00247nam a22001217a 4500
008 181015b xxu||||| |||| 00| 0 eng d
041 _aeng
080 _a610
100 _a4
101 _aSHM
245 _aEpidomilogy
_cMahon.B
942 _2udc
_cBK
999 _c49781
_d49781